GMMTV Shadow Eagle - Statistics

General Stats
  • This quiz has been taken 12 times
  • The average score is 41 of 81
Answer Stats
Name % Correct
Dunk
100%
Joong
100%
Milk
100%
Aou
91%
Boom
91%
Gawin
91%
Joss
91%
Keen
91%
Love
91%
Perth
91%
Santa
91%
Sea
91%
Boun
82%
Gun
82%
Mark
82%
Off
82%
Pream
82%
Prem
82%
Win
82%
Aun
73%
Book
73%
Force
73%
Luke
73%
Mick
73%
Nani
73%
Nanon
73%
Neo
73%
Sky
73%
Acare
64%
Barcode
64%
Junior
64%
New
64%
Satang
64%
Tay
64%
Winny
64%
Almond
55%
Aungpao
55%
Dew
55%
Jan
55%
Kin
55%
Mim
55%
View
55%
Ashi
45%
Chari
45%
Chelsea
45%
Jaoying
45%
Progress
45%
Sangt
45%
Tee
45%
Tu
45%
Aye
36%
Captain
36%
Ford
36%
Jingjing
36%
Mint
36%
Earn
27%
Kapook
27%
Mymé
27%
Thor
27%
Title
27%
Artist
18%
Fond
18%
Golf
18%
Kay
18%
Mook
18%
Piploy
18%
Prim
18%
Singha
18%
Tata
18%
Titan
18%
Tor
18%
Guitar
9%
Indy
9%
Lighty
9%
Maitai
9%
Michiru
9%
Nicky
9%
Ployphach
9%
Pompam
9%
Prom
9%
Pluem
0%
No matching quizzes found
Score Distribution
Percent of People with Each Score
Percentile by Number Answered
Your Score History
You have not taken this quiz